| 000 | 00445nam a2200181Ia 4500 | ||
|---|---|---|---|
| 008 | 240925s9999 xx 000 0 und d | ||
| 020 | _a9789352533022 | ||
| 082 | _a657 SHU | ||
| 100 | _aShukla, M. C. | ||
| 245 | 0 | _aAdvanced Accounts | |
| 250 | _a19th | ||
| 260 |
_aNew Delhi: _bS. Chand & Company LTD _c,2016. |
||
| 300 |
_a200p. _b2 _fOriginal |
||
| 500 | _aIncludes Index | ||
| 600 | _aManagement | ||
| 650 | _aAccounting | ||
| 942 | _cBK | ||
| 999 |
_c16435 _d16435 |
||